header

Environmental impacts of wind-energy projects (Record no. 114580)

MARC details
000 -LEADER
fixed length control field 01669nam a22003494a 4500
082 04 - DEWEY DECIMAL CLASSIFICATION NUMBER
Classification number 333.92
245 10 - TITLE STATEMENT
Title Environmental impacts of wind-energy projects
260 ## - PUBLICATION, DISTRIBUTION, ETC. (IMPRINT)
Place of publication Washington, D.C. :
Name of publisher National Academies Press,
Year of publication c2007.
300 ## - PHYSICAL DESCRIPTION
Number of Pages xvi, 376 p. :
Other physical details ill. (some col.), maps (some col.).
650 #0 - SUBJECT ADDED ENTRY--TOPICAL TERM
Topical Term Wind power plants
Topical Term Wind power
856 40 - ELECTRONIC LOCATION AND ACCESS
Uniform Resource Identifier http://site.ebrary.com/lib/rucke/Doc?id=10194170

No items available.

© 2026 Rongo University
Contact us: librarian | system librarian | Rongo university